Mali : Selected Issues.

Gold mining represents an engine of growth for the Malian economy. A description of the techniques and importance of artisanal gold mining in Mali, the key developments of the industrial mining era, and potential gold mining developments are discussed in the paper. The Malian mining policy and regul...

Celý popis

Podrobná bibliografie
Korporativní autor: International Monetary Fund
Médium: Časopis
Jazyk:English
Vydáno: Washington, D.C. : International Monetary Fund, 2000.
Edice:IMF Staff Country Reports; Country Report ; No. 2000/128
On-line přístup:Full text available on IMF
LEADER 01512cas a2200241 a 4500
001 AALejournalIMF010792
008 230101c9999 xx r poo 0 0eng d
020 |c 5.00 USD 
020 |z 9781451826272 
022 |a 1934-7685 
040 |a BD-DhAAL  |c BD-DhAAL 
110 2 |a International Monetary Fund. 
245 1 0 |a Mali :   |b Selected Issues. 
264 1 |a Washington, D.C. :  |b International Monetary Fund,  |c 2000. 
300 |a 1 online resource (68 pages) 
490 1 |a IMF Staff Country Reports 
500 |a <strong>Off-Campus Access:</strong> No User ID or Password Required 
500 |a <strong>On-Campus Access:</strong> No User ID or Password Required 
506 |a Electronic access restricted to authorized BRAC University faculty, staff and students 
520 3 |a Gold mining represents an engine of growth for the Malian economy. A description of the techniques and importance of artisanal gold mining in Mali, the key developments of the industrial mining era, and potential gold mining developments are discussed in the paper. The Malian mining policy and regulations, the impact of industrial gold mining on the Malian economy, public finances, and employment are discussed. The statistical data on the economic indices of Mali are also presented in the paper. 
538 |a Mode of access: Internet 
830 0 |a IMF Staff Country Reports; Country Report ;  |v No. 2000/128 
856 4 0 |z Full text available on IMF  |u http://elibrary.imf.org/view/journals/002/2000/128/002.2000.issue-128-en.xml  |z IMF e-Library